| 000 | 01057cam a22003015i 4500 | ||
|---|---|---|---|
| 999 |
_c28387 _d28358 |
||
| 001 | 019133250 | ||
| 003 | EG-ScBUE | ||
| 005 | 20200322103523.0 | ||
| 008 | 181115s2019 enka f b 001 0 eng d | ||
| 020 | _z9781138628403 (pbk.) | ||
| 040 |
_aStDuBDS _beng _erda _cStDuBDS _dEG-ScBUE |
||
| 082 | 0 | 4 |
_a778.5235 _bDAN _222 |
| 100 | 1 |
_aDancyger, Ken, _eauthor. |
|
| 245 | 1 | 4 |
_aThe technique of film and video editing : _bhistory, theory, and practice / _cKen Dancyger. |
| 250 | _aSixth edition. | ||
| 264 | 1 |
_aAbingdon, Oxon ; _aNew York : _bRoutledge / Taylor & Francis Group, _c2019. |
|
| 300 |
_axxv, 511 pages : _billustrations (black and white) ; _c26 cm |
||
| 336 |
_atext _btxt _2rdacontent |
||
| 337 |
_aunmediated _bn _2rdamedia |
||
| 338 |
_avolume _bnc _2rdacarrier |
||
| 504 | _aIncludes bibliographical references and index. | ||
| 650 | 7 |
_aMotion pictures _xEditing. _2BUEsh |
|
| 650 | 7 |
_aVideo tapes _xEditing. _2BUEsh |
|
| 650 | 7 |
_aDigital video _xEditing. _2BUEsh |
|
| 653 |
_bCOMAME _cMarch2020 |
||
| 655 |
_vText book _933728 |
||
| 942 |
_2ddc _cBB |
||